书目信息 |
| 题名: |
全国高等学校、中等专业学校名册
|
|
| 作者: | ;教育部计划司 编 | |
| 分册: | ||
| 出版信息: |
|
|
| 页数: | 171页 | |
| 开本: | 20cm | |
| 丛书名: | ||
| 单 册: | ||
| 中图分类: | G649.28 | |
| 科图分类: | ||
| 主题词: | 教育--各级 | |
| 电子资源: | ||
| ISBN: | ||
| 000 | 00541nam0 2200169 450 | |
| 001 | 0629439917 | |
| 005 | 20060912081204.98 | |
| 100 | @a20060912d km y0chiy0120 ea | |
| 101 | 0 | @achi |
| 200 | 1 | @a全国高等学校、中等专业学校名册@Aquan guo gao deng xue xiao、zhong deng zhuan ye xue xiao ming ce@f教育部计划司 编@Fjiao yu bu ji hua si bian |
| 215 | @a171页@d20cm | |
| 300 | @a内部资料 | |
| 606 | 0 | @a教育@x各级 |
| 690 | @aG649.28@v3 | |
| 711 | 0 | @a教育部计划司@Ajiao yu bu ji hua si@4编 |
| 801 | 0 | @aCN@bPFT@c20060912 |
| 905 | @a10447@dG649.28@e220 | |
| 全国高等学校、中等专业学校名册/教育部计划司 编 |
| 171页;20cm |
| 内部资料 |
| ISBN : |
| ● |
| 相关链接 |
|
|
|
|
正题名:全国高等学校、中等专业学校名册
索取号:G649.28/220
 
预约/预借
| 序号 | 登录号 | 条形码 | 馆藏地/架位号 | 状态 | 备注 |
| 1 | 0470514 | 204705140 | 密集书库/ [索取号:G649.28/220] | 在馆 |